[Event "Reykjavik Open 2009"]
[Site "Reykjavik"]
[Date "2009.04.01"]
[Round "9.47"]
[White "Palsson, Svanberg Mar"]
[Black "Arnalds, Stefan"]
[Result "1/2-1/2"]
[WhiteElo "1720"]
[BlackElo "1953"]
[PlyCount "112"]
[EventDate "2009.03.24"]

1. d4 Nf6 2. c4 g6 3. Nc3 Bg7 4. Nf3 O-O 5. g3 d6 6. Bg2 Nbd7 7. O-O e5 8. dxe5
Nxe5 9. Nxe5 dxe5 10. Bg5 Qe8 11. Qb3 c6 12. Rfd1 h6 13. Bxf6 Bxf6 14. Ne4 Bg7
15. Nd6 Qe7 16. Rd2 Rb8 17. Bxc6 Be6 18. Nxb7 Bc8 19. Rad1 Bxb7 20. Rd7 Bxc6
21. Rxe7 Rxb3 22. axb3 Rb8 23. Rxa7 Rxb3 24. Rd6 Be4 25. c5 Bf8 26. Rd8 Rxb2
27. f3 Kg7 28. Ra5 Rc2 29. fxe4 Bxc5+ 30. Kf1 Bb6 31. Rdd5 Bxa5 32. Rxa5 Kf6
33. Kf2 Rc4 34. Kf3 Rc2 35. e3 Rc6 36. g4 h5 37. gxh5 gxh5 38. Kg3 Re6 39. Kh4
Kg6 40. Ra8 Rb6 41. Rg8+ Kf6 42. Kxh5 Rb2 43. h4 Rb4 44. Rg4 Rb8 45. Rg3 Rb4
46. Rf3+ Ke6 47. Kg5 Rxe4 48. h5 f5 49. h6 Rg4+ 50. Kh5 Kf6 51. h7 Rg5+ 52. Kh4
Rg4+ 53. Kh3 Kg7 54. Rxf5 Re4 55. Rf7+ Kh8 56. Kg3 Rxe3+ 1/2-1/2

[Event "Reykjavik Open 2009"]
[Site "Reykjavik"]
[Date "2009.04.01"]
[Round "9.48"]
[White "Gardarsson, Hordur"]
[Black "Fridgeirsson, Dagur Andri"]
[Result "0-1"]
[WhiteElo "1951"]
[BlackElo "1787"]
[PlyCount "94"]
[EventDate "2009.03.24"]

1. d4 d5 2. c4 c6 3. Nf3 Nf6 4. Nc3 e6 5. Bg5 Nbd7 6. e3 Be7 7. cxd5 exd5 8.
Bd3 O-O 9. O-O Re8 10. Qc2 Nf8 11. Ne5 N6d7 12. Bxe7 Qxe7 13. Nf3 Ng6 14. Rfe1
Nf6 15. e4 Be6 16. e5 Nd7 17. Bxg6 hxg6 18. Qd2 Rec8 19. Ng5 Nf8 20. Qf4 Nh7
21. h4 Nxg5 22. hxg5 Kf8 23. Rad1 Ke8 24. a3 Kd7 25. b4 a6 26. Na4 Kc7 27. Rc1
Rh8 28. Qd2 Rh5 29. f4 Bf5 30. Nc5 b6 31. Nb3 Kb7 32. Qc3 Rc8 33. a4 Qe8 34.
Nd2 Rh4 35. Qf3 Qh8 36. b5 Rh1+ 37. Kf2 Qh4+ 38. Qg3 Qxg3+ 39. Kxg3 Rxe1 40.
Rxe1 cxb5 41. axb5 axb5 42. Kf2 b4 43. Re3 Rc3 44. Rxc3 bxc3 45. Nb3 Kc6 46.
Ke1 Kb5 47. Kd1 Kc4 0-1

[Event "Reykjavik Open 2009"]
[Site "Reykjavik"]
[Date "2009.04.01"]
[Round "9.49"]
[White "Helgadottir, Sigridur Bjorg"]
[Black "Brynjarsson, Helgi"]
[Result "0-1"]
[WhiteElo "1646"]
[BlackElo "1949"]
[PlyCount "58"]
[EventDate "2009.03.24"]

1. c4 e5 2. g3 Nc6 3. Bg2 f5 4. e3 e4 5. d3 exd3 6. Qxd3 g6 7. Nc3 Bg7 8. Bd2
Ne5 9. Qe2 c6 10. Nf3 d6 11. O-O Nf6 12. Rfd1 Qc7 13. Rac1 O-O 14. b3 a6 15.
Nd4 Re8 16. b4 Qf7 17. Na4 Ne4 18. Nb6 Rb8 19. Be1 Be6 20. Nxe6 Rxe6 21. b5
axb5 22. cxb5 d5 23. Rc2 g5 24. Bd2 g4 25. f4 gxf3 26. Bxf3 Nxf3+ 27. Qxf3 Nxd2
28. Rcxd2 Rbe8 29. Rf1 Bh6 0-1

[Event "Reykjavik Open 2009"]
[Site "Reykjavik"]
[Date "2009.04.01"]
[Round "9.50"]
[White "Johannsdottir, Johanna Bjorg"]
[Black "Ingason, Sigurdur"]
[Result "0-1"]
[WhiteElo "1724"]
[BlackElo "1949"]
[PlyCount "80"]
[EventDate "2009.03.24"]

1. e4 e5 2. Nf3 Nf6 3. Nxe5 d6 4. Nf3 Nxe4 5. d4 d5 6. Bd3 Be7 7. O-O Nd6 8.
Bf4 O-O 9. Nbd2 Nd7 10. Re1 Re8 11. c4 dxc4 12. Nxc4 Nxc4 13. Bxc4 Nb6 14. Bb3
c6 15. Ne5 Nd5 16. Qh5 Be6 17. Be3 Nf6 18. Qd1 Bb4 19. Re2 Nd5 20. Nd3 Bd6 21.
Bxd5 Bxd5 22. Nf4 Be4 23. f3 Bf5 24. Re1 Rxe3 25. Rxe3 Bxf4 26. Re2 Qd6 27. g3
Bh6 28. Re5 g6 29. g4 Be6 30. Qd3 Bg7 31. Re4 c5 32. Rd1 cxd4 33. b3 Rc8 34.
Kg2 Qc6 35. Re2 Bxg4 36. Rde1 Bf5 37. Qc4 Be6 38. Qb4 Qd7 39. Qd2 d3 40. Rf2
Bc3 0-1

[Event "Reykjavik Open 2009"]
[Site "Reykjavik"]
[Date "2009.04.01"]
[Round "9.52"]
[White "Jonsson, Olafur Gisli"]
[Black "Gudmundsdottir, Geirthrudur Ann"]
[Result "1-0"]
[WhiteElo "1913"]
[BlackElo "1775"]
[PlyCount "47"]
[EventDate "2009.03.24"]

1. e4 e6 2. d4 d5 3. Nd2 dxe4 4. Nxe4 Nd7 5. Nf3 Ngf6 6. Bg5 Be7 7. Nxf6+ Nxf6
8. Bd3 O-O 9. O-O b6 10. Qe2 Bb7 11. Rad1 h6 12. Bh4 c6 13. c3 Qc7 14. Ne5 c5
15. dxc5 Qxc5 16. Rfe1 Qc7 17. Bc2 Rad8 18. Rxd8 Rxd8 19. Nxf7 Kxf7 20. Qxe6+
Kf8 21. Bxf6 Bxf6 22. Bb3 Bd5 23. Bxd5 Rxd5 24. Qe8# 1-0

[Event "Reykjavik Open 2009"]
[Site "Reykjavik"]
[Date "2009.04.01"]
[Round "9.53"]
[White "Sigurjonsson, Siguringi"]
[Black "Andrason, Pall"]
[Result "1-0"]
[WhiteElo "1904"]
[BlackElo "1564"]
[PlyCount "49"]
[EventDate "2009.03.24"]

1. e4 c5 2. Nc3 Nc6 3. f4 d6 4. Bb5 Bd7 5. Bxc6 Bxc6 6. d3 g6 7. Nf3 Bg7 8. O-O
e6 9. Be3 Ne7 10. Qe1 f5 11. Rd1 O-O 12. Ng5 Qd7 13. Qh4 h6 14. Nf3 Rad8 15.
Qg3 b6 16. h4 d5 17. exd5 Nxd5 18. Nxd5 exd5 19. Qxg6 Rf6 20. Qg3 d4 21. Bd2
Qe6 22. Ne5 a5 23. Rde1 Qxa2 24. Nxc6 Rdf8 25. Ne5 1-0